书目信息 |
| 题名: |
电工基础
|
|
| 作者: | 王新新 , 包中婷 , 刘春华 编著 | |
| 分册: | ||
| 出版信息: | 北京 电子工业出版社 2004.03 |
|
| 页数: | 174页 | |
| 开本: | 26cm | |
| 丛书名: | ||
| 单 册: | ||
| 中图分类: | TM1 | |
| 科图分类: | ||
| 主题词: | 电工学--高等学校--技术学校--教材 | |
| 电子资源: | ||
| ISBN: | 7-5053-9374-X | |
| 000 | 00950nam0 2200265 450 | |
| 001 | 0183767026 | |
| 005 | 20051110152236.05 | |
| 010 | @a7-5053-9374-X@dCNY15.50 | |
| 100 | @a20050316d2004 km y0chiy0120 ea | |
| 101 | 0 | @achi |
| 102 | @aCN@b110000 | |
| 105 | @aa a 000yy | |
| 200 | 1 | @a电工基础@Adian gong ji chu@f王新新, 包中婷, 刘春华编著@Fwang xin xin,bao zhong ting,liu chun hua bian zhu |
| 210 | @a北京@c电子工业出版社@d2004.03 | |
| 215 | @a174页@c图@d26cm | |
| 320 | @a有书目 (第174页)。 | |
| 330 | @a本书讲述了电路组成、电路基本定律及简单电路的一般分析方法,介绍了变压器、电动机等常用电工设备的作用、结构和工作原理。 | |
| 333 | @a高等职业教育电子信息类贯通制教材,电子技术专业 | |
| 606 | 0 | @a电工学@x高等学校@x技术学校@x教材 |
| 690 | @aTM1@v4 | |
| 701 | 0 | @a王新新@Awang xin xin@4编著 |
| 701 | 0 | @a包中婷@Abao zhong ting@4编著 |
| 701 | 0 | @a刘春华@Aliu chun hua@4编著 |
| 801 | 0 | @aCN@bQSSK@c20051110 |
| 905 | @a10447@dTM1@eW397 | |
| 电工基础/王新新, 包中婷, 刘春华编著.-北京:电子工业出版社,2004.03 |
| 174页:图;26cm |
| 使用对象:高等职业教育电子信息类贯通制教材,电子技术专业 |
| ISBN 7-5053-9374-X:CNY15.50 |
| 本书讲述了电路组成、电路基本定律及简单电路的一般分析方法,介绍了变压器、电动机等常用电工设备的作用、结构和工作原理。 |
| ● |
| 相关链接 |
|
|
|
正题名:电工基础
索取号:TM1/W397
 
预约/预借
| 序号 | 登录号 | 条形码 | 馆藏地/架位号 | 状态 | 备注 |
| 1 | 573740 | 205737407 | 自科二线404/404自科库 17排3列1层/ [索取号:TM1/W397] | 在馆 | |
| 2 | 573741 | 205737416 | 自科库301/301自科库 7排1列2层/ [索取号:TM1/W397] | 在馆 | |
| 3 | 573742 | 205737425 | 自科库301/301自科库 7排1列2层/ [索取号:TM1/W397] | 在馆 |